| 000 | 00322nam a22001217a 4500 | ||
|---|---|---|---|
| 040 | _cNust | ||
| 082 |
_a621.3813 _bATW |
||
| 100 |
_aH.A Atwater _9127461 |
||
| 245 | _aIntroduction to microwave theory | ||
| 260 |
_aTokyo: _bMcGraw Hill, _c1962. |
||
| 650 |
_aIntroduction to microwave theory _9127462 |
||
| 942 |
_2ddc _cBK |
||
| 999 |
_c612582 _d612582 |
||